| 000 | 00710nam a2200265Ia 4500 | ||
|---|---|---|---|
| 001 | dia_1711 | ||
| 003 | CHAP | ||
| 005 | 20251027144959.0 | ||
| 008 | 220117s1978 xx 000 0 und d | ||
| 010 | _a172256 | ||
| 040 | _cCHAP | ||
| 082 | _a641 F36 | ||
| 110 | _aF.A.O. | ||
| 245 |
_aLas Grasas y Aceites en la Nutrición Humana / _c por Oms Fao- |
||
| 260 |
_aRoma, Fao. _c1978 |
||
| 300 | _a108 p. | ||
| 410 | _aALIMENTACION Y NUTRICION, 20. | ||
| 500 | _aDonación. | ||
| 650 |
_aGrasas y aceites en nutrición. _950454 |
||
| 650 |
_aNutrición. _982246 |
||
| 901 | _a641 F36 | ||
| 902 | _aM | ||
| 905 | _a0000001978 ROM 0000000000ESP00 | ||
| 942 |
_cLIBRO _2ddc |
||
| 999 |
_c172256 _d172256 |
||